| Tag |
First Indicator |
Second Indicator |
Subfields |
| LEADER |
00000pam a2200000 a 4500 |
| 001 |
in00000649755 |
| 005 |
20151015074252.0 |
| 008 |
800602s1980 nju b 00110 engm |
| 010 |
|
|
|a 80007534
|
| 020 |
|
|
|a 0691072426 :
|c $16.50
|
| 035 |
|
|
|a (OCoLC)06448312
|
| 035 |
|
|
|9 ACX2945AM
|
| 040 |
|
|
|a DLC
|c DLC
|d m.c.
|d TXA
|d UtOrBLW
|
| 049 |
|
|
|a TXAM
|c [1271336]
|
| 050 |
0 |
0 |
|a PN81
|b .J83
|
| 082 |
0 |
|
|a 801/.95
|
| 100 |
1 |
|
|a Juhl, P. D.
|q (Peter D.),
|d 1946-
|
| 245 |
1 |
0 |
|a Interpretation, an essay in the philosophy of literary criticism /
|c P.D. Juhl.
|
| 264 |
|
1 |
|a Princeton, N.J. :
|b Princeton University Press,
|c [1980]
|
| 264 |
|
4 |
|c ©1980
|
| 300 |
|
|
|a x, 332 pages ;
|c 22 cm.
|
| 336 |
|
|
|a text
|b txt
|2 rdacontent
|
| 337 |
|
|
|a unmediated
|b n
|2 rdamedia
|
| 338 |
|
|
|a volume
|b nc
|2 rdacarrier
|
| 500 |
|
|
|a Includes index.
|
| 504 |
|
|
|a Bibliography: pages 301-322.
|
| 650 |
|
0 |
|a Hermeneutics.
|
| 650 |
|
0 |
|a Criticism.
|
| 999 |
|
|
|a MARS
|
| 999 |
f |
f |
|s 2373015e-347b-3f01-b33a-809176bb938d
|i 6753f1cf-17df-36ed-8aa6-d981be78dffa
|t 0
|
| 952 |
f |
f |
|p ric
|a Texas A&M University
|b Rellis Campus
|c Joint Library Facility
|d Remote Storage
|t 0
|e PN81 .J83
|h Library of Congress classification
|i unmediated -- volume
|m A14803661006
|
| 998 |
f |
f |
|a PN81 .J83
|t 0
|l Remote Storage
|